=LDR 00000nam 2200000 4500 =001 NUTBA000000000000446 =005 20140324101145.0 =006 =007 =008 =035 ##$$a 0010-031400000000445 =040 ##$$b Ind =090 ##$$a 657.838 $bBas $cs =100 ##$$a Bastian indra =245 ##$$a Sistim Akuntansisektor publik =260 ##$$a xv,537 hlm.$billus $c25 cm. =650 ##$$a akuntansi =850 ##$$a NBPNMAT =990 ##$$a 21006691 =990 ##$$a 91272/BPAP-NTB/2014